Never let me go / (Record no. 15975)
[ view plain ]
| 000 -LEADER | |
|---|---|
| fixed length control field | 03911nam a2200517 a 4500 |
| 005 - DATE AND TIME OF LATEST TRANSACTION | |
| control field | 20070801074756.0 |
| 008 - FIXED-LENGTH DATA ELEMENTS--GENERAL INFORMATION | |
| fixed length control field | 040716s2005 nyu | 00| f eng |
| 010 ## - LCCN (DPL NO) | |
| LC control number | B-310841-854 |
| 020 ## - INTERNATIONAL STANDARD BOOK NUMBER | |
| International Standard Book Number | 0571224148 |
| Terms of availability | 495.00 |
| 020 ## - INTERNATIONAL STANDARD BOOK NUMBER | |
| International Standard Book Number | 9780571224142 |
| Terms of availability | 495.00 |
| 035 ## - SYSTEM CONTROL NUMBER | |
| System control number | B-310841-854 |
| 035 ## - SYSTEM CONTROL NUMBER | |
| System control number | B-359077 |
| 037 ## - SOURCE OF ACQUISITION | |
| Source of stock number/acquisition | Pansy Books |
| 040 ## - CATALOGING SOURCE | |
| Original cataloging agency | dpl |
| Language of cataloging | English |
| 082 ## - DEWEY DECIMAL CLASSIFICATION NUMBER | |
| Classification number | N |
| 100 ## - MAIN ENTRY--PERSONAL NAME | |
| Personal name | Ishiguro, Kazuo |
| 245 ## - TITLE STATEMENT | |
| Title | Never let me go / |
| Statement of responsibility, etc | by Kazuo Ishiguro |
| 260 ## - PUBLICATION, DISTRIBUTION, ETC. (IMPRINT) | |
| Place of publication, distribution, etc | London |
| Name of publisher, distributor, etc | Faber and Faber |
| Date of publication, distribution, etc | 2005 |
| 270 ## - ADDRESS | |
| Address | 3 Queen Square |
| City | London |
| Postal code | WC1N 3AU |
| 300 ## - PHYSICAL DESCRIPTION | |
| Extent | 282p. |
| Dimensions | 20cm(pbk) |
| 650 ## - SUBJECT ADDED ENTRY--TOPICAL TERM | |
| Topical term or geographic name as entry element | Women |
| Form subdivision | Fiction. |
| 650 ## - SUBJECT ADDED ENTRY--TOPICAL TERM | |
| Topical term or geographic name as entry element | Human cloning |
| Form subdivision | Fiction. |
| 650 ## - SUBJECT ADDED ENTRY--TOPICAL TERM | |
| Topical term or geographic name as entry element | Organ donors |
| Form subdivision | Fiction. |
| 650 ## - SUBJECT ADDED ENTRY--TOPICAL TERM | |
| Topical term or geographic name as entry element | Donation of organs, tissues, etc. |
| Form subdivision | Fiction. |
| 651 ## - SUBJECT ADDED ENTRY--GEOGRAPHIC NAME | |
| Geographic name | England |
| Form subdivision | Fiction. |
| 655 ## - INDEX TERM--GENRE/FORM | |
| Genre/form data or focus term | Psychological fiction. |
| Source of term | lcsh |
| 655 ## - INDEX TERM--GENRE/FORM | |
| Genre/form data or focus term | Science fiction. |
| Source of term | gsafd |
| 942 ## - ADDED ENTRY ELEMENTS (KOHA) | |
| Source of classification or shelving scheme | Dewey Decimal Classification |
| Item type | English Books |
| Classification part | N |
| Call number suffix | ISH |
| Withdrawn status | Lost status | Source of classification or shelving scheme | Damaged status | Not for loan | Collection code | Home library | Current library | Date acquired | Source of acquisition | Cost, normal purchase price | Total Checkouts | Full call number | Barcode | Date last seen | Copy number | Cost, replacement price | Koha item type | Total Renewals | Checked out |
|---|---|---|---|---|---|---|---|---|---|---|---|---|---|---|---|---|---|---|---|
| Dewey Decimal Classification | Fiction | Andrews Gunj | Andrews Gunj | 04/05/2009 | Pansy Books /847/14.1.09/249/12.12.08/14.1.09 | 495.00 | 1 | N ISH | B-310848 | 18/07/2024 | 1 | 495.00 | English Books | ||||||
| Dewey Decimal Classification | Fiction | Bawana | Bawana | 04/05/2009 | Pansy Books /847/14.1.09/249/12.12.08/14.1.09 | 495.00 | 9 | N ISH | B-310853 | 30/11/2023 | 1 | 495.00 | English Books | 1 | |||||
| Dewey Decimal Classification | Fiction | Central Library | Central Library | 04/05/2009 | Pansy Books /847/14.1.09/249/12.12.08/14.1.09 | 495.00 | N ISH | B-310841 | 04/05/2009 | 1 | 495.00 | English Books | |||||||
| Dewey Decimal Classification | Fiction | Janak Puri | Janak Puri | 30/09/2009 | Pansy Books/942/29.9.09/92/4.9.09/29.9.09 | 495.00 | 32 | N ISH | B-359077 | 06/03/2023 | 1 | 495.00 | English Books | 5 | |||||
| Dewey Decimal Classification | Fiction | Karol Bagh | Karol Bagh | 04/05/2009 | Pansy Books /847/14.1.09/249/12.12.08/14.1.09 | 495.00 | N ISH | B-310851 | 04/05/2009 | 1 | 495.00 | English Books | |||||||
| Dewey Decimal Classification | Fiction | Mobile Library | Mobile Library | 04/05/2009 | Pansy Books /847/14.1.09/249/12.12.08/14.1.09 | 495.00 | N ISH | B-310842 | 04/05/2009 | 2 | 495.00 | English Books | |||||||
| Dewey Decimal Classification | Fiction | Mobile Library | Mobile Library | 04/05/2009 | Pansy Books /847/14.1.09/249/12.12.08/14.1.09 | 495.00 | N ISH | B-310843 | 04/05/2009 | 2 | 495.00 | English Books | |||||||
| Dewey Decimal Classification | Fiction | Narela | Narela | 04/05/2009 | Pansy Books /847/14.1.09/249/12.12.08/14.1.09 | 495.00 | N ISH | B-310852 | 04/05/2009 | 1 | 495.00 | English Books | |||||||
| Dewey Decimal Classification | Fiction | Patel Nagar | Patel Nagar | 04/05/2009 | Pansy Books /847/14.1.09/249/12.12.08/14.1.09 | 495.00 | N ISH | B-310844 | 04/05/2009 | 1 | 495.00 | English Books | |||||||
| Dewey Decimal Classification | Fiction | Peshwa Road | Peshwa Road | 04/05/2009 | Pansy Books /847/14.1.09/249/12.12.08/14.1.09 | 495.00 | N ISH | B-310845 | 04/05/2009 | 1 | 495.00 | English Books | |||||||
| Dewey Decimal Classification | Fiction | R.K.Puram-8 | R.K.Puram-8 | 04/05/2009 | Pansy Books /847/14.1.09/249/12.12.08/14.1.09 | 495.00 | 11 | N ISH | B-310847 | 27/10/2025 | 1 | 495.00 | English Books | 4 | |||||
| Dewey Decimal Classification | Fiction | Sarojini Nagar | Sarojini Nagar | 04/05/2009 | Pansy Books /847/14.1.09/249/12.12.08/14.1.09 | 495.00 | 23 | N ISH | B-310846 | 18/07/2017 | 1 | 495.00 | English Books | 2 | |||||
| Dewey Decimal Classification | Fiction | Shahdara Branch | Shahdara Branch | 04/05/2009 | Pansy Books /847/14.1.09/249/12.12.08/14.1.09 | 495.00 | N ISH | B-310854 | 04/05/2009 | 1 | 495.00 | English Books | |||||||
| Dewey Decimal Classification | Fiction | Sriniwas Puri | Sriniwas Puri | 04/05/2009 | Pansy Books /847/14.1.09/249/12.12.08/14.1.09 | 495.00 | N ISH | B-310849 | 04/05/2009 | 1 | 495.00 | English Books | |||||||
| Dewey Decimal Classification | Fiction | Vinoba Puri | Vinoba Puri | 04/05/2009 | Pansy Books /847/14.1.09/249/12.12.08/14.1.09 | 495.00 | 20 | N ISH | B-310850 | 16/03/2020 | 1 | 495.00 | English Books | 3 | 30/03/2020 |
